Remontées et pistes de l'Alpe du Grand Serre - Statistiques

Statistiques générales
  • Ce quiz a été pris 9 fois
    3 depuis la dernière actualisation
  • Le résultat moyen est 37 sur 48
Statistiques - réponses
Type de quiz Réponse % Correct
Remontées Mécaniques TKF Baby Blache
100%
Vertes Baby Blache
100%
Remontées Mécaniques TKF Bambins 1
100%
Vertes Bambins 1
100%
Remontées Mécaniques TKF Bambins 2
100%
Vertes Bambins 2
100%
Remontées Mécaniques TSF4 Blache
100%
Remontées Mécaniques TKD Cloûtons
100%
Remontées Mécaniques TKD Cochettes I
100%
Remontées Mécaniques TKD Cochettes II
100%
Rouges Lava
100%
Bleues Marmottes
100%
Remontées Mécaniques TKD Ollière
100%
Remontées Mécaniques TKD Parché
100%
Remontées Mécaniques TKD Pâtres
100%
Remontées Mécaniques TKD Pérollier
100%
Remontées Mécaniques TSF4 Portes Sud
100%
Noires Rif
100%
Noires Roue
100%
Remontées Mécaniques TSF4 Serriou
100%
Rouges Serriou
100%
Bleues 45e parallèle
67%
Rouges Auche
67%
Bleues Bergers
67%
Rouges Blanche
67%
Bleues Clots
67%
Bleues Combe Belle
67%
Rouges Cytrières
67%
Bleues Fayards
67%
Rouges Fontaine Froide
67%
Bleues Gentiane
67%
Rouges Grand Pré
67%
Bleues Grand Vent
67%
Bleues Jean Morel
67%
Vertes Mollaret
67%
Rouges Puits
67%
Rouges Rhodos
67%
Remontées Mécaniques TKD Rinnes
67%
Bleues Samby
67%
Bleues Stade
67%
Rouges Tétras
67%
Rouges Vallons
67%
Bleues Crêtes
33%
Bleues Garcine
33%
Bleues Jas
33%
Bleues Lacs
33%
Bleues Laudent
33%
Bleues Marais
33%
Aucun quiz correspondant
Distribution des résultats
% des personnes avec chaque résultat
Percentile par nombre de réponses
Votre historique - résultats
Vous n’avez pas pris ce quiz depuis la dernière actualisation